000 00590nam a2200193 a 4500
003 BD-DhJNU
005 20250812053635.0
008 250501s1917 ii a b 001 0 eng
040 _aBD-DhJNU
_bENG
_cBD-DhJNU
_dBD-DhJNU
082 0 0 _a943 HES
_223
100 1 _aHenderson, Ernest F.
245 1 0 _aA short history of Germany, Vol: 1-2 /
_cErnest F. Henderson
260 _aNew York :
_bThe Macmillan company,
_c1917.
300 _aVol: 1-2 :
_bill. ;
_c23 cm.
490 _vVol: 1-2
504 _aIncludes bibliographical references and index.
650 0 _aHistory of Germany
942 _cBK
999 _c1989
_d1989